| 000 | 00481nam a2200193Ia 4500 | ||
|---|---|---|---|
| 008 | 170705s9999 xx 000 0 und d | ||
| 020 | _a9780689859373 | ||
| 245 | 4 | _aThe seeing stone / | |
| 245 | _cTony DiTerlizzi and Holly Black. | ||
| 260 | _aNew York : | ||
| 260 | _bScholastic, | ||
| 260 | _c2003 | ||
| 300 | _a108 pages : | ||
| 300 | _bblack and white illustrations ; | ||
| 300 | _c19cm. | ||
| 440 | _aThe spiderwick chronicles ; | ||
| 440 | _v2 | ||
| 500 | _a560 | ||
| 999 |
_c336907 _d336907 |
||